Anziani, tutta un'altra vita (Record n. 359930)
[ formato base ]
| 000 -LEADER | |
|---|---|
| campo di controllo lung. fissa | 00856nam a22002297a 4500 |
| 003 - Identificatore del numero di controllo | |
| campo di controllo | IT-MiCISF |
| 005 - Data e orario dell'ultima transazione | |
| campo di controllo | 20231204145855.0 |
| 008 - Elementi di lunghezza fissa--Informazione generale | |
| campo di controllo lung. fissa | 231204b |||||||| |||| 00| 0 eng d |
| 040 ## - Fonte della catalogazione | |
| Agenzia che fa la trascrizione | IT-MiCISF |
| 041 ## - Codice di lingua | |
| Codice di lingua del testo/traccia sonora o titolo separato | it |
| 100 ## - Accesso principale -- nome di persona | |
| Nome di persona | De Carli Sara (et al.) |
| 9 (RLIN) | 57785 |
| 245 ## - Formulazione del titolo | |
| Titolo | Anziani, tutta un'altra vita |
| 250 ## - Formulazione di edizione | |
| Formulazione di edizione | "Vita", n. 12 e n. 1 |
| 260 ## - Pubblicazione, distribuzione, ecc. (stampa) | |
| Data di pubblicazione, distribuzione, ecc. | 2022-2023 |
| 300 ## - Descrizione fisica | |
| Estensione | pp. 21-71 |
| 310 ## - Periodicità corrente della pubblicazione | |
| Periodicità corrente della pubblicazione | mensile |
| 500 ## - Nota generale | |
| Nota generale | anziani, società., attività-anziano, statistica, servizi-anziani, non-autosufficienza, assistenza-domiciliare |
| 650 ## - Accesso aggiunto di soggetto--termine topico | |
| Termine topico o nome geografico come accesso | Terza-età |
| 654 ## - Accesso aggiunto di soggetto--termini topici faccettati | |
| Termine principale | dossier |
| 700 ## - Accesso aggiunto--nome di persona | |
| Nome di persona | Giunco F., Degani L., Milanese G.M., Falabella V., Gori C., Pignataro S., Pigni P., |
| -- | Brivio V., Zini A., Bastianello S., Granata S., Rossi V., Cerri G., Varcasia N., |
| -- | Alfonso L., Avati P., Gullotta L., Annichiarico M. |
| 9 (RLIN) | 60381 |
| 942 ## - Dati aggiuntivi (Koha) | |
| Fonte della classificazione o dello schema di collocazione (segnatura) | Dewey Decimal Classification |
| Tipo copia default (Koha) | RIVISTA |
| Ritirato (status) | Perso (status) | Fonte della classificazione o dello schema di collocazione (segnatura) | Danneggiato (status) | Non per il presito | Biblioteca proprietaria | Biblioteca in cui si trova | Data d'acquisizione | Totale prestiti | Collocazione | Data ultima operazione | Prezzo in vigore dal | Tipo copia default (Koha) |
|---|---|---|---|---|---|---|---|---|---|---|---|---|
| Dewey Decimal Classification | Buone Condizioni | Not For Loan | CISF - Milano | CISF - Milano | 04/12/2023 | TE19 | 04/12/2023 | 04/12/2023 | RIVISTA |